000 00667cam a2200229 a 4500
001 4343426
005 20180216095136.0
008 890315r1989 vaua b 000 0 eng
010 _a 89006543
020 _a0871201585 :
_c$21.95
040 _aDLC
_cDLC
_dDLC
041 _aeng
080 _a371.146 ron
082 0 0 _a371.146 ron
_220
100 _a48
101 _aedu
245 0 0 _aCoaching and staff development :
_cedited by Ronald S. Brandt.
504 _aIncludes bibliographical references.
906 _a7
_bcbc
_corignew
_d1
_eocip
_f19
_gy-gencatlg
942 _2ddc
_cBK
999 _c42852
_d42852